000 00513cam a22001814a 4500
001 12432599
005 20250603084105.0
008 010606m19949999mdu b 000 0 eng
020 _a1562294202 (v. 1)
050 0 0 _aBV652.25
_b.L68 1994
082 0 0 _a254/.5
_221
100 1 _aLovett, Leonard.
245 1 0 _aOpening the front door of your church /
_cby Leonard Lovett.
260 _aLanham, MD. :
_bPneuma Life Pub.,
_cc1994-
300 _av. <1 > ;
_c21 cm.
650 0 _aChurch growth.
942 _2lcc
_cBK
_n0
999 _c6171
_d6171